Guess the beatboxer - Statistics

General Stats
  • This quiz has been taken 414 times
  • The average score is 49 of 72
Answer Stats
Picture Answer % Correct
Napom
95%
D-Low
92%
King Inertia
92%
Colaps
91%
Alem
89%
River'
88%
Helium
87%
Alexinho
85%
B-Art
85%
BBK
85%
Codfish
85%
FootboxG
85%
MB14
85%
Hiss
83%
Improver
81%
Show-Go
81%
DEN
80%
Dilip
80%
Frosty
80%
Wing
80%
Zekka
80%
Kenny Urban
79%
Scott Jackson
79%
Big Ben
78%
Audical
77%
Azel
77%
Remix
77%
Wawad
77%
Stitch
76%
Dharni
75%
Madox
75%
Skiller
75%
Trung Bao
75%
Tomazacre
74%
Gene Shinozaki
73%
Max
73%
Reeps One
73%
Zer0
73%
Chiwawa
72%
Pash
72%
D-koy
71%
Tom Thum
69%
Beatness
65%
H-has
65%
Heartzel
64%
Bigman
61%
Elisii
61%
HerShe
61%
Pepouni
61%
Bataco
60%
Jayton
60%
Mr Androide
59%
Slizzer
57%
Two H
57%
KIM
56%
Villain
56%
ZeDe
55%
Zhang Ze
53%
Pe4enkata
52%
Kenozen
51%
Pwad
49%
Bass Ventura
47%
Ball-Zee
46%
Dudz
44%
BMG
42%
Efaybee
42%
Adi Kerang
41%
Faya Braz
41%
Enel
38%
Mark Martin
36%
Piratheeban
36%
Rafly
24%
No matching quizzes found
Score Distribution
Percent of People with Each Score
Percentile by Number Answered
Your Score History
You have not taken this quiz